Heroes and villains : (Запис № 506267)

МАРК-запис
000 -LEADER
fixed length control field 01569cam a2200361 a 4500
001 - CONTROL NUMBER
control field heroesvillainsst00bump
003 - CONTROL NUMBER IDENTIFIER
control field CaSfIA
005 - DATE AND TIME OF LATEST TRANSACTION
control field 20210118100003.0
007 - PHYSICAL DESCRIPTION FIXED FIELD--GENERAL INFORMATION
fixed length control field cr||||
008 - FIXED-LENGTH DATA ELEMENTS--GENERAL INFORMATION
fixed length control field 841203s1986 nyu 000 1 eng
010 ## - LIBRARY OF CONGRESS CONTROL NUMBER
LC control number 84025945
040 ## - CATALOGING SOURCE
Original cataloging agency DLC
Transcribing agency DLC
Modifying agency BAKER
-- BTCTA
-- YDXCP
-- CLU
-- CaSfIA
020 ## - INTERNATIONAL STANDARD BOOK NUMBER
International Standard Book Number 0914590928 :
Terms of availability $13.95
020 ## - INTERNATIONAL STANDARD BOOK NUMBER
International Standard Book Number 9780914590927
020 ## - INTERNATIONAL STANDARD BOOK NUMBER
International Standard Book Number 0914590936 (pbk.) :
Terms of availability $6.95
020 ## - INTERNATIONAL STANDARD BOOK NUMBER
International Standard Book Number 9780914590934 (pbk.)
035 ## - SYSTEM CONTROL NUMBER
System control number (OCoLC)11531992
050 04 - LIBRARY OF CONGRESS CALL NUMBER
Classification number PS3552.U464
Item number H4 1986
082 0# - DEWEY DECIMAL CLASSIFICATION NUMBER
Classification number 813/.54
Edition number 19
029 1# - (OCLC)
OCLC library identifier NZ1
System control number 3073407
029 1# - (OCLC)
OCLC library identifier AU@
System control number 000003691972
100 1# - MAIN ENTRY--PERSONAL NAME
Personal name Bumpus, Jerry.
245 10 - TITLE STATEMENT
Title Heroes and villains :
Medium [electronic resource]
Remainder of title stories /
Statement of responsibility, etc Jerry Bumpus.
250 ## - EDITION STATEMENT
Edition statement 1st ed.
260 ## - PUBLICATION, DISTRIBUTION, ETC. (IMPRINT)
Place of publication, distribution, etc New York :
Name of publisher, distributor, etc Fiction Collective,
Date of publication, distribution, etc c1986.
300 ## - PHYSICAL DESCRIPTION
Extent 258 p. ;
Dimensions 23 cm.
505 0# - FORMATTED CONTENTS NOTE
Formatted contents note Shame -- The outdoorsman -- K -- The attack on San Clemente -- Heroes and villains --Popinjay's African notes -- Chums -- Fable -- Plenty of time.
506 ## - RESTRICTIONS ON ACCESS NOTE
Standardized terminology for access restriction Необхідна авторизація на https://archive.org/ (створення облікового запису безкоштовно)
506 ## - RESTRICTIONS ON ACCESS NOTE
Standardized terminology for access restriction Необхідна авторизація на https://openlibrary.org/ (створення облікового запису безкоштовно)
856 41 - ELECTRONIC LOCATION AND ACCESS
Uniform Resource Identifier <a href="http://www.archive.org/details/heroesvillainsst00bump">http://www.archive.org/details/heroesvillainsst00bump</a>
Public note Free eBook from the Internet Archive
856 42 - ELECTRONIC LOCATION AND ACCESS
Uniform Resource Identifier <a href="http://www.openlibrary.org/books/OL2863047M">http://www.openlibrary.org/books/OL2863047M</a>
Public note Additional information and access via Open Library
942 ## - ADDED ENTRY ELEMENTS (KOHA)
Koha item type ЕКнига

Немає доступних примірників.